[Event "Bad Woerishofen Sen"]
[Site "Bad Woerishofen"]
[Date "2001.??.??"]
[Round "9"]
[White "Gretzer, Otmar"]
[Black "Greifzu, Helmut"]
[Result "1/2-1/2"]
[WhiteElo "2186"]
[BlackElo "2048"]
[Annotator "ChessOrg"]
[PlyCount "124"]
[EventDate "1998.03.05"]
[Source "ChessBase"]
[SourceDate "1998.04.29"]

1. e4 e5 2. Nf3 Nc6 3. d4 exd4 4. Bc4 Nf6 5. O-O d6 6. Nxd4 Nxd4 7. Qxd4 Be7 8.
Bb3 O-O 9. c4 Nd7 10. Nc3 Bf6 11. Qe3 Re8 12. Re1 Nc5 13. Bc2 a5 14. Bd2 c6 15.
Rad1 Qe7 16. Qf3 Be6 17. b3 Qf8 18. Ne2 Red8 19. Nf4 Qe7 20. Nh5 Be5 21. Ng3
Qh4 22. Qe3 Bg4 23. f3 Bh5 24. Qg5 Bxg3 25. hxg3 Qxg5 26. Bxg5 Rd7 27. Rd2 f6
28. Bf4 Rad8 29. Red1 g5 30. Be3 Be8 31. a3 b5 32. b4 axb4 33. axb4 Na4 34.
Bxa4 bxa4 35. Bb6 Rb8 36. c5 d5 37. exd5 Rxd5 38. Rxd5 cxd5 39. Rxd5 a3 40. Rd1
a2 41. Ra1 Bf7 42. Kf2 Rb7 43. Ke3 Kf8 44. Ba5 Re7+ 45. Kd2 Re5 46. c6 Ke8 47.
c7 Kd7 48. Kc3 Kc8 49. f4 gxf4 50. gxf4 Re4 51. Rd1 Kb7 52. Kb2 Re2+ 53. Ka1
Be6 54. b5 Rxg2 55. Bc3 Rc2 56. Bxf6 Kxc7 57. Be5+ Kb7 58. Bb2 Rf2 59. Re1 Bc4
60. Rh1 Rxf4 61. Rxh7+ Kb6 62. Rh1 Kxb5 1/2-1/2

[Event "Bad Woerishofen Sen"]
[Site "Bad Woerishofen"]
[Date "2001.??.??"]
[Round "1"]
[White "Gruebling, Karl-Heinz"]
[Black "Fleckner, Hans"]
[Result "0-1"]
[WhiteElo "1635"]
[BlackElo "1830"]
[Annotator "ChessOrg"]
[PlyCount "46"]
[EventDate "1998.03.05"]
[Source "ChessBase"]
[SourceDate "1998.04.29"]

1. d4 Nf6 2. Nf3 e6 3. c4 d5 4. Nc3 c6 5. e3 Nbd7 6. cxd5 exd5 7. Qc2 Bd6 8.
Bd3 O-O 9. O-O Re8 10. e4 dxe4 11. Nxe4 Nxe4 12. Bxe4 Nf6 13. Bg5 h6 14. Bh4 g5
15. Nxg5 hxg5 16. Bxg5 Bxh2+ 17. Kh1 Bc7 18. Rfe1 Kg7 19. g3 Qd6 20. Kg2 Nxe4
21. Rxe4 Bf5 22. Rxe8 Bxc2 23. Rxa8 Qd5+ 0-1

[Event "Bad Woerishofen Sen"]
[Site "Bad Woerishofen"]
[Date "2001.??.??"]
[Round "4"]
[White "Gruebling, Karl-Heinz"]
[Black "Schratzenstaller, Andreas"]
[Result "0-1"]
[WhiteElo "1635"]
[BlackElo "1756"]
[Annotator "ChessOrg"]
[PlyCount "56"]
[EventDate "1998.03.05"]
[Source "ChessBase"]
[SourceDate "1998.04.29"]

1. d4 Nf6 2. Nf3 g6 3. Bg5 Bg7 4. Bxf6 Bxf6 5. e4 d6 6. Bb5+ c6 7. Be2 b5 8.
O-O Bb7 9. c3 Nd7 10. Nbd2 O-O 11. Rc1 Qb6 12. Re1 e6 13. e5 dxe5 14. Ne4 Bg7
15. Nd6 exd4 16. Nxb7 Qxb7 17. Nxd4 Nb6 18. Bf3 Nd5 19. Qb3 a6 20. c4 Bxd4 21.
cxd5 cxd5 22. Red1 Ba7 23. h4 Qb6 24. Rc2 Rac8 25. Rdc1 Rc4 26. Qd3 Rxh4 27. b3
Qd6 28. g3 Qxg3+ 0-1

[Event "Bad Woerishofen Sen"]
[Site "Bad Woerishofen"]
[Date "2001.??.??"]
[Round "6"]
[White "Gruebling, Karl-Heinz"]
[Black "Meyts, Jozef"]
[Result "1/2-1/2"]
[WhiteElo "1635"]
[BlackElo "1700"]
[Annotator "ChessOrg"]
[PlyCount "29"]
[EventDate "1998.03.05"]
[Source "ChessBase"]
[SourceDate "1998.04.29"]

1. d4 Nf6 2. Nf3 e6 3. c4 b6 4. g3 Bb7 5. Bg2 Bb4+ 6. Bd2 Qe7 7. O-O Bxd2 8.
Nfxd2 Bxg2 9. Kxg2 Nc6 10. e3 a5 11. Nc3 Nb4 12. a3 Na6 13. e4 d6 14. Qa4+ Qd7
15. Qxd7+ 1/2-1/2

[Event "Bad Woerishofen Sen"]
[Site "Bad Woerishofen"]
[Date "2001.??.??"]
[Round "8"]
[White "Gruebling, Karl-Heinz"]
[Black "Schneider, Miloca"]
[Result "0-1"]
[WhiteElo "1635"]
[BlackElo "1723"]
[Annotator "ChessOrg"]
[PlyCount "84"]
[EventDate "1998.03.05"]
[Source "ChessBase"]
[SourceDate "1998.04.29"]

1. d4 d6 2. c4 Nf6 3. Nc3 c6 4. e4 Qc7 5. Nf3 e5 6. Be2 Be7 7. O-O O-O 8. Bg5
Ne8 9. Qc2 Bxg5 10. Nxg5 exd4 11. e5 g6 12. exd6 Nxd6 13. Nce4 f6 14. Nxd6 Qxd6
15. c5 Qc7 16. Bc4+ Kg7 17. Nf3 Qa5 18. Bb3 Nd7 19. Rac1 Ne5 20. Nxd4 Bd7 21.
f4 Ng4 22. Rfe1 Rae8 23. Be6 Re7 24. h3 Nh6 25. a3 Rfe8 26. b4 Qc7 27. f5 Qg3
28. Re4 Nxf5 29. Bxf5 Bxf5 30. Rxe7+ Rxe7 31. Nxf5+ gxf5 32. Rf1 f4 33. Qd2
Qe3+ 34. Qf2 f5 35. Rd1 Kf6 36. Kf1 Kg5 37. Re1 Qd3+ 38. Re2 Re5 39. h4+ Kg4
40. Qe1 f3 41. gxf3+ Qxf3+ 42. Qf2 Qh1+ 0-1

[Event "Bad Woerishofen Sen"]
[Site "Bad Woerishofen"]
[Date "2001.??.??"]
[Round "1"]
[White "Gudat, Alfons"]
[Black "Helmsen, Franz"]
[Result "1/2-1/2"]
[WhiteElo "2051"]
[BlackElo "2159"]
[Annotator "ChessOrg"]
[PlyCount "24"]
[EventDate "1998.03.05"]
[Source "ChessBase"]
[SourceDate "1998.04.29"]

1. e4 e5 2. Nf3 Nc6 3. Bb5 a6 4. Ba4 Nf6 5. d3 b5 6. Bb3 Be7 7. O-O O-O 8. c3
d6 9. Re1 Na5 10. Bc2 c5 11. Nbd2 Nc6 12. Nf1 Qc7 1/2-1/2

[Event "Bad Woerishofen Sen"]
[Site "Bad Woerishofen"]
[Date "2001.??.??"]
[Round "3"]
[White "Gudat, Alfons"]
[Black "Hemmers, Johann"]
[Result "1-0"]
[WhiteElo "2051"]
[BlackElo "1880"]
[Annotator "ChessOrg"]
[PlyCount "147"]
[EventDate "1998.03.05"]
[Source "ChessBase"]
[SourceDate "1998.04.29"]

1. e4 c5 2. Nf3 g6 3. Bc4 Bg7 4. O-O Nc6 5. c3 Qb6 6. Re1 d6 7. h3 e6 8. Na3
Nge7 9. d4 cxd4 10. Nb5 O-O 11. Nbxd4 Rd8 12. Bb3 a6 13. Be3 Qc7 14. Qd2 d5 15.
Nxc6 bxc6 16. Rad1 Bb7 17. e5 c5 18. Bf4 d4 19. Qe2 c4 20. Qxc4 Qxc4 21. Bxc4
dxc3 22. bxc3 Rxd1 23. Rxd1 Rc8 24. Be2 Nd5 25. Bd2 Nxc3 26. Bxc3 Rxc3 27. Rd8+
Bf8 28. Ng5 Rc8 29. Rd7 h6 30. Nxf7 Bc6 31. Ra7 Bb5 32. Bxb5 axb5 33. Nd6 Rc5
34. Ne8 Rc1+ 35. Kh2 Bc5 36. Nf6+ Kf8 37. Rc7 Ba3 38. Rxc1 Bxc1 39. Kg3 Ke7 40.
Kf3 h5 41. h4 b4 42. Ke4 Bd2 43. Kd3 Bf4 44. Ke4 Bd2 45. g4 hxg4 46. Nxg4 Be1
47. Ke3 Bc3 48. Kd3 Be1 49. Ke2 Bc3 50. f4 Kd7 51. Nf6+ Kc6 52. Ne4 Bb2 53. Kd2
Bd4 54. Ng5 Kd5 55. Kd3 Bf2 56. Nf3 Bc5 57. Ne1 Bf2 58. Ng2 Kc5 59. Ke2 Bd4 60.
Ne3 Bc3 61. Nd1 Bd4 62. Kd3 Ba1 63. Ne3 Bc3 64. a3 Be1 65. Nc2 Bxh4 66. axb4+
Kd5 67. Ne3+ Kc6 68. Ke4 Be7 69. Nc2 Kb6 70. Nd4 Bxb4 71. Nxe6 Kc6 72. Nd8+ Kd7
73. Nf7 Ke6 74. Nh8 1-0

[Event "Bad Woerishofen Sen"]
[Site "Bad Woerishofen"]
[Date "2001.??.??"]
[Round "5"]
[White "Gudat, Alfons"]
[Black "Greifzu, Helmut"]
[Result "0-1"]
[WhiteElo "2051"]
[BlackElo "2048"]
[Annotator "ChessOrg"]
[PlyCount "54"]
[EventDate "1998.03.05"]
[Source "ChessBase"]
[SourceDate "1998.04.29"]

1. e4 c6 2. d4 d5 3. e5 c5 4. dxc5 e6 5. Be3 Nh6 6. Bd3 Nf5 7. Bxf5 exf5 8. Nf3
Be6 9. O-O Na6 10. c4 Bxc5 11. cxd5 Bxd5 12. Nc3 Bc6 13. Bxc5 Nxc5 14. Nd4 Qd7
15. Nxc6 Qxc6 16. b4 Ne6 17. Rc1 Nf4 18. f3 Rd8 19. Qc2 g6 20. Kh1 O-O 21. b5
Qc5 22. Qa4 Nd3 23. Rc2 Rd4 24. Qb3 Rb4 25. Ne4 Qxb5 26. Nf6+ Kg7 27. Qd5 Rb1
0-1

[Event "Bad Woerishofen Sen"]
[Site "Bad Woerishofen"]
[Date "2001.??.??"]
[Round "7"]
[White "Gudat, Alfons"]
[Black "Storkebaum, Karl-Heinz"]
[Result "1/2-1/2"]
[WhiteElo "2051"]
[BlackElo "1801"]
[Annotator "ChessOrg"]
[PlyCount "82"]
[EventDate "1998.03.05"]
[Source "ChessBase"]
[SourceDate "1998.04.29"]

1. e4 c5 2. Nf3 d6 3. Bb5+ Bd7 4. a4 Bc6 5. O-O a6 6. Bc4 e6 7. Re1 Be7 8. d4
cxd4 9. Nxd4 d5 10. exd5 Bxd5 11. Bxd5 Qxd5 12. Nc3 Qd7 13. Be3 Nf6 14. Qf3 O-O
15. Rad1 Qc7 16. Bf4 Qb6 17. a5 Qb4 18. Nb3 Nc6 19. Ra1 Nd4 20. Nxd4 Qxd4 21.
Ra4 Qd7 22. Rd1 Qc6 23. Qxc6 bxc6 24. Rc4 Nd5 25. Bg3 Nxc3 26. Rxc3 Rfd8 27.
Rxd8+ Rxd8 28. Kf1 c5 29. Ke2 f6 30. Bc7 Rd7 31. Bb6 Rd5 32. f4 Kf7 33. g3 Ke8
34. Rc4 Kd7 35. Re4 e5 36. f5 Rd4 37. Re3 Kc6 38. c3 Rd7 39. Re4 Bd8 40. Bxd8
Rxd8 41. Ra4 Kb5 1/2-1/2

[Event "Bad Woerishofen Sen"]
[Site "Bad Woerishofen"]
[Date "2001.??.??"]
[Round "9"]
[White "Gudat, Alfons"]
[Black "Fels, Karl-Heinz"]
[Result "1/2-1/2"]
[WhiteElo "2051"]
[BlackElo "1850"]
[Annotator "ChessOrg"]
[PlyCount "111"]
[EventDate "1998.03.05"]
[Source "ChessBase"]
[SourceDate "1998.04.29"]

1. e4 e5 2. Nf3 Nc6 3. Bb5 a6 4. Ba4 Nf6 5. d3 b5 6. Bb3 Be7 7. c3 d6 8. O-O
O-O 9. Re1 Na5 10. Bc2 c5 11. Nbd2 Nc6 12. a4 Bb7 13. Nf1 Qc7 14. Ng3 g6 15.
Bh6 Rfe8 16. h3 Bf8 17. Qd2 Qe7 18. Bxf8 Rxf8 19. Qh6 Ne8 20. axb5 axb5 21.
Rxa8 Bxa8 22. Ra1 Bb7 23. Bb3 Kh8 24. Ng5 Nf6 25. Bd5 Kg8 26. h4 Nd8 27. Bxb7
Qxb7 28. Nh5 gxh5 29. Qxf6 Qd7 30. Ra8 Ne6 31. Nxe6 Qxe6 32. Qxe6 fxe6 33. Ra6
Rd8 34. Rb6 c4 35. dxc4 bxc4 36. Rc6 d5 37. Rxe6 d4 38. Kf1 d3 39. Ke1 Rb8 40.
Rc6 Rxb2 41. Rxc4 Re2+ 42. Kf1 Kf7 43. f3 Rc2 44. Rc5 Kf6 45. Rd5 Rxc3 46. Kf2
Rc2+ 47. Ke3 Rxg2 48. Rxd3 Rh2 49. Rd6+ Kf7 50. Rd7+ Kf6 51. Rxh7 Rxh4 52. Rh8
Rh2 53. Rf8+ Ke6 54. Re8+ Kf6 55. Rf8+ Ke6 56. Re8+ 1/2-1/2

[Event "Bad Woerishofen Sen"]
[Site "Bad Woerishofen"]
[Date "2001.??.??"]
[Round "1"]
[White "Haasper, Peter"]
[Black "Weber, Siegfried"]
[Result "1-0"]
[WhiteElo "1804"]
[BlackElo "1587"]
[Annotator "ChessOrg"]
[PlyCount "91"]
[EventDate "1998.03.05"]
[Source "ChessBase"]
[SourceDate "1998.04.29"]

1. d4 g6 2. c4 d6 3. Nc3 Bg7 4. e4 Nf6 5. Be2 O-O 6. Bg5 Nbd7 7. Qd2 c5 8. Nf3
a6 9. O-O Qc7 10. d5 Re8 11. Rad1 Kh8 12. Bh6 Ng8 13. Bxg7+ Kxg7 14. h4 f6 15.
Nh2 Nf8 16. f4 Bd7 17. f5 Rad8 18. g4 Qa5 19. g5 b5 20. b3 bxc4 21. Bxc4 Bb5
22. Nxb5 Qxd2 23. Rxd2 axb5 24. Bxb5 Nd7 25. Ng4 Rf8 26. Bxd7 Rxd7 27. Ne3 Rb7
28. Ng2 Ra8 29. Rc1 Rba7 30. Rcc2 Rb7 31. Nf4 Rb4 32. Rc4 Rab8 33. Ne6+ Kf7 34.
Rdc2 h6 35. fxg6+ Kxg6 36. Nf4+ Kf7 37. g6+ Ke8 38. h5 f5 39. exf5 Nf6 40. Rxb4
Rxb4 41. Rc4 Rxc4 42. bxc4 Ne4 43. Ng2 Nf6 44. Ne3 Nxh5 45. Kh2 Ng7 46. Kg3 1-0

[Event "Bad Woerishofen Sen"]
[Site "Bad Woerishofen"]
[Date "2001.??.??"]
[Round "3"]
[White "Haasper, Peter"]
[Black "Kaiser, Hans"]
[Result "1/2-1/2"]
[WhiteElo "1804"]
[BlackElo "1681"]
[Annotator "ChessOrg"]
[PlyCount "33"]
[EventDate "1998.03.05"]
[Source "ChessBase"]
[SourceDate "1998.04.29"]

1. d4 d5 2. c4 c6 3. Nc3 e6 4. cxd5 exd5 5. Nf3 Nf6 6. Bg5 Be7 7. e3 O-O 8. Bd3
h6 9. Bxf6 Bxf6 10. Qc2 Bg4 11. h3 Be6 12. O-O Nd7 13. b4 a5 14. a3 b5 15. Ne2
Rc8 16. Nd2 a4 17. Nf4 1/2-1/2

[Event "Bad Woerishofen Sen"]
[Site "Bad Woerishofen"]
[Date "2001.??.??"]
[Round "5"]
[White "Haasper, Peter"]
[Black "Bergmeister, E."]
[Result "1/2-1/2"]
[WhiteElo "1804"]
[BlackElo "1691"]
[Annotator "ChessOrg"]
[PlyCount "57"]
[EventDate "1998.03.05"]
[Source "ChessBase"]
[SourceDate "1998.04.29"]

1. d4 d5 2. c4 e6 3. Nc3 c5 4. cxd5 exd5 5. Nf3 Nc6 6. g3 Nf6 7. Bg2 Be7 8. O-O
O-O 9. Bg5 Be6 10. Rc1 cxd4 11. Nxd4 Nxd4 12. Qxd4 h6 13. Be3 b6 14. Qd2 Qd7
15. Rfd1 Rfd8 16. Bd4 Rac8 17. a3 Qb7 18. Bxf6 Bxf6 19. Nxd5 Kh8 20. Rxc8 Qxc8
21. e4 Qd7 22. Qc2 Rc8 23. Nxf6 Rxc2 24. Nxd7 Rxb2 25. Ne5 Rb3 26. Rd8+ Kh7 27.
Nd7 Rb1+ 28. Bf1 Bc4 29. Nf8+ 1/2-1/2

[Event "Bad Woerishofen Sen"]
[Site "Bad Woerishofen"]
[Date "2001.??.??"]
[Round "7"]
[White "Haasper, Peter"]
[Black "Richter, Gerhard"]
[Result "1/2-1/2"]
[WhiteElo "1804"]
[BlackElo "1913"]
[Annotator "ChessOrg"]
[PlyCount "51"]
[EventDate "1998.03.05"]
[Source "ChessBase"]
[SourceDate "1998.04.29"]

1. Nf3 d6 2. d4 f5 3. g3 Nf6 4. Bg2 g6 5. O-O Bg7 6. c4 O-O 7. Nc3 Qe8 8. Qc2
Na6 9. a3 e5 10. dxe5 dxe5 11. e4 Nc5 12. Re1 fxe4 13. Ng5 Nd3 14. Re2 Bg4 15.
Re3 Nxc1 16. Rxc1 Bh6 17. h4 Qe7 18. Ncxe4 Bf5 19. Nxf6+ Qxf6 20. Qe2 Bg7 21.
Bxb7 Rab8 22. Bg2 e4 23. b4 Rbe8 24. Bxe4 Kh8 25. Re1 h6 26. Bxf5 1/2-1/2

[Event "Bad Woerishofen Sen"]
[Site "Bad Woerishofen"]
[Date "2001.??.??"]
[Round "8"]
[White "Haasper, Peter"]
[Black "Gmeinwieser, Helmut"]
[Result "1/2-1/2"]
[WhiteElo "1804"]
[BlackElo "1687"]
[Annotator "ChessOrg"]
[PlyCount "35"]
[EventDate "1998.03.05"]
[Source "ChessBase"]
[SourceDate "1998.04.29"]

1. d4 Nf6 2. c4 e6 3. Nc3 Bb4 4. Qc2 O-O 5. a3 Bxc3+ 6. Qxc3 d6 7. Bg5 Nbd7 8.
e3 b6 9. Nf3 Bb7 10. Be2 Qe8 11. O-O Ne4 12. Qc2 Nxg5 13. Nxg5 Nf6 14. Bd3 h6
15. Nh7 Nxh7 16. Bxh7+ Kh8 17. Bd3 Rc8 18. e4 1/2-1/2

[Event "Bad Woerishofen Sen"]
[Site "Bad Woerishofen"]
[Date "2001.??.??"]
[Round "4"]
[White "Hahner, Anton"]
[Black "Verdcheval, Hans"]
[Result "1/2-1/2"]
[WhiteElo "1700"]
[BlackElo "1555"]
[Annotator "ChessOrg"]
[PlyCount "52"]
[EventDate "1998.03.05"]
[Source "ChessBase"]
[SourceDate "1998.04.29"]

1. Nf3 d5 2. d4 c6 3. Bf4 Nf6 4. h3 e6 5. e3 Bd6 6. Bxd6 Qxd6 7. c3 O-O 8. Bd3
Nbd7 9. Nbd2 e5 10. dxe5 Nxe5 11. Nxe5 Qxe5 12. Nf3 Qc7 13. Qc2 h6 14. O-O Re8
15. Rfd1 Be6 16. b3 Rad8 17. Rac1 a6 18. Nd2 b5 19. c4 dxc4 20. bxc4 Qb7 21.
Nb3 Qb6 22. cxb5 Bxb3 23. Qxb3 cxb5 24. Be2 Rxd1+ 25. Rxd1 Rd8 26. Bf3 Rxd1+
1/2-1/2

[Event "Bad Woerishofen Sen"]
[Site "Bad Woerishofen"]
[Date "2001.??.??"]
[Round "7"]
[White "Hahner, Anton"]
[Black "Hemmers, Johann"]
[Result "0-1"]
[WhiteElo "1700"]
[BlackElo "1880"]
[Annotator "ChessOrg"]
[PlyCount "52"]
[EventDate "1998.03.05"]
[Source "ChessBase"]
[SourceDate "1998.04.29"]

1. d4 Nf6 2. Nf3 d5 3. Bf4 e6 4. e3 Be7 5. Bd3 O-O 6. h3 Nbd7 7. O-O c5 8. c3
b6 9. Nbd2 Bb7 10. Re1 Ne4 11. Ne5 Nxd2 12. Qxd2 Nxe5 13. Bxe5 Bd6 14. Bxd6
Qxd6 15. Rad1 e5 16. dxe5 Qxe5 17. Bc2 Rad8 18. Qd3 g6 19. Re2 Rfe8 20. Rde1
Re6 21. Qd1 Red6 22. Rd2 a5 23. Bd3 Bc6 24. Bf1 Qf6 25. Qc1 Kg7 26. Red1 Ba4
0-1

[Event "Bad Woerishofen Sen"]
[Site "Bad Woerishofen"]
[Date "2001.??.??"]
[Round "8"]
[White "Hahner, Anton"]
[Black "Geckle, Gerhard"]
[Result "1-0"]
[WhiteElo "1700"]
[BlackElo "1531"]
[Annotator "ChessOrg"]
[PlyCount "89"]
[EventDate "1998.03.05"]
[Source "ChessBase"]
[SourceDate "1998.04.29"]

1. e4 e5 2. Nf3 Nc6 3. Bc4 Nf6 4. d3 d5 5. exd5 Nxd5 6. O-O Bg4 7. h3 Bxf3 8.
Qxf3 Nce7 9. Nc3 c6 10. Bd2 f6 11. Rfe1 Qd7 12. a4 O-O-O 13. Ne4 f5 14. Ng5 Ng6
15. Qh5 Nf6 16. Qe2 Nd5 17. g3 h6 18. Nf3 Bd6 19. Kg2 Rde8 20. a5 e4 21. dxe4
Rxe4 22. Qf1 Rhe8 23. Rxe4 fxe4 24. Nd4 e3 25. Bxd5 exd2 26. Bf3 Ne5 27. Be4
Rf8 28. a6 b6 29. Rd1 Bc5 30. Nf3 Nxf3 31. Bxf3 Kc7 32. Qe2 Rd8 33. Qe4 Qd5 34.
Qg6 Qd7 35. Rxd2 Bd6 36. Rd3 c5 37. Qe4 Re8 38. Qb7+ Kd8 39. Qa8+ Ke7 40. Re3+
Kf8 41. Rxe8+ Qxe8 42. Qxa7 Qb8 43. Qd7 Qc7 44. Qxc7 Bxc7 45. a7 1-0

[Event "Bad Woerishofen Sen"]
[Site "Bad Woerishofen"]
[Date "2001.??.??"]
[Round "2"]
[White "Harke, Horst"]
[Black "Weibrecht, Carl"]
[Result "1-0"]
[WhiteElo "1706"]
[BlackElo "1600"]
[Annotator "ChessOrg"]
[PlyCount "65"]
[EventDate "1998.03.05"]
[Source "ChessBase"]
[SourceDate "1998.04.29"]

1. d4 Nf6 2. c4 d5 3. cxd5 Nxd5 4. e4 Nb6 5. Nc3 a6 6. Nf3 N8d7 7. Bd3 g6 8.
O-O Bg7 9. Be3 O-O 10. Rc1 c6 11. Qd2 Nf6 12. h3 Be6 13. b3 Nbd7 14. Ng5 Ne8
15. Nxe6 fxe6 16. Bc4 Nc7 17. Bf4 Rf6 18. Bxc7 Qxc7 19. e5 Nxe5 20. dxe5 Qxe5
21. Rce1 Qf5 22. Qd7 b5 23. Bd3 Qc5 24. Ne4 Qd5 25. Nxf6+ Bxf6 26. Qxe6+ Kg7
27. Qxd5 cxd5 28. Re6 Kf7 29. Rc6 Ra7 30. Rfc1 Be5 31. Re1 Bf6 32. Ree6 Rc7 33.
Rxf6+ 1-0

[Event "Bad Woerishofen Sen"]
[Site "Bad Woerishofen"]
[Date "2001.??.??"]
[Round "4"]
[White "Harke, Horst"]
[Black "Hoffmann, Reinhold"]
[Result "0-1"]
[WhiteElo "1706"]
[BlackElo "1880"]
[Annotator "ChessOrg"]
[PlyCount "78"]
[EventDate "1998.03.05"]
[Source "ChessBase"]
[SourceDate "1998.04.29"]

1. d4 d5 2. c4 c6 3. cxd5 cxd5 4. Nc3 Nf6 5. e3 e6 6. Bd3 Nc6 7. Nf3 Bd6 8. O-O
O-O 9. e4 dxe4 10. Nxe4 Be7 11. Nxf6+ Bxf6 12. Be3 Re8 13. Qd2 g6 14. Be4 Ne7
15. Rac1 Nd5 16. Bxd5 Qxd5 17. b3 Bd7 18. Rc5 Qd6 19. Bf4 Qf8 20. Ne5 Bxe5 21.
Rxe5 f6 22. Bh6 Qd6 23. Re3 Bc6 24. Rg3 Rad8 25. Be3 e5 26. Rd1 exd4 27. Bf4
Qd5 28. Bc7 Rd7 29. Ba5 Qe4 30. Qd3 b6 31. Qxe4 Rxe4 32. Bb4 a5 33. Ba3 Bb5 34.
h3 Re2 35. Rc1 Rxa2 36. Rc8+ Kf7 37. b4 d3 38. bxa5 d2 39. Rf8+ Kg7 0-1

[Event "Bad Woerishofen Sen"]
[Site "Bad Woerishofen"]
[Date "2001.??.??"]
[Round "6"]
[White "Harke, Horst"]
[Black "Hennig, Manfred"]
[Result "1-0"]
[WhiteElo "1706"]
[BlackElo "1454"]
[Annotator "ChessOrg"]
[PlyCount "53"]
[EventDate "1998.03.05"]
[Source "ChessBase"]
[SourceDate "1998.04.29"]

1. d4 d5 2. c4 c6 3. cxd5 cxd5 4. Nf3 e6 5. Nc3 f5 6. g3 Nc6 7. Bg2 Nf6 8. Bg5
Be7 9. Bxf6 Bxf6 10. O-O g5 11. e3 a6 12. Rc1 Bd7 13. a3 b5 14. b4 g4 15. Ne1
Be7 16. Nd3 Bd6 17. Nc5 Bxc5 18. dxc5 Ne7 19. Ne2 Bc6 20. Nf4 Qc8 21. Qd4 Rf8
22. Qe5 Bd7 23. Rfd1 Qc6 24. Qg7 Ng6 25. Nxd5 Rf7 26. Nf6+ Rxf6 27. Bxc6 1-0

[Event "Bad Woerishofen Sen"]
[Site "Bad Woerishofen"]
[Date "2001.??.??"]
[Round "8"]
[White "Harke, Horst"]
[Black "Rueggeberg, Wilhelm"]
[Result "0-1"]
[WhiteElo "1706"]
[BlackElo "1830"]
[Annotator "ChessOrg"]
[PlyCount "73"]
[EventDate "1998.03.05"]
[Source "ChessBase"]
[SourceDate "1998.04.29"]

1. d4 Nf6 2. c4 e6 3. Nc3 d5 4. e3 c6 5. Nf3 Nbd7 6. cxd5 exd5 7. Bd3 Bd6 8.
Bd2 O-O 9. Rc1 Re8 10. O-O Nf8 11. a3 Ne4 12. Qc2 Bf5 13. Na4 Nxd2 14. Qxd2
Bxd3 15. Qxd3 Qe7 16. Qf5 Qe6 17. Qxe6 Nxe6 18. Nc5 Bxc5 19. dxc5 Re7 20. Rfd1
Rae8 21. Kf1 f6 22. a4 Kf7 23. b4 Nd8 24. Nd4 g6 25. b5 Re4 26. a5 R8e7 27. Rd3
f5 28. g3 Kf6 29. a6 bxa6 30. bxa6 g5 31. Rb3 f4 32. Rb8 Re8 33. gxf4 gxf4 34.
Rc3 fxe3 35. Rxe3 Rxe3 36. fxe3 Ke5 37. Rxd8 0-1

[Event "Bad Woerishofen Sen"]
[Site "Bad Woerishofen"]
[Date "2001.??.??"]
[Round "2"]
[White "Hartmann, Rudi"]
[Black "Gruebling, Karl-Heinz"]
[Result "1-0"]
[WhiteElo "1740"]
[BlackElo "1635"]
[Annotator "ChessOrg"]
[PlyCount "75"]
[EventDate "1998.03.05"]
[Source "ChessBase"]
[SourceDate "1998.04.29"]

1. e4 c5 2. Nf3 d6 3. d4 cxd4 4. Nxd4 Nf6 5. Nc3 a6 6. Be2 e5 7. Nb3 Be6 8. Be3
Nc6 9. O-O Rc8 10. f3 Be7 11. Qd2 O-O 12. Rad1 Bxb3 13. axb3 Qa5 14. Ra1 Qc7
15. Ra4 Rfd8 16. Rc1 Na5 17. Nd5 Nxd5 18. exd5 b6 19. Bxa6 Ra8 20. Bb5 Rac8 21.
Qd3 Rf8 22. c4 f5 23. b4 f4 24. Bf2 Nb7 25. Rca1 Bf6 26. Qe4 Rb8 27. Ra7 Qd8
28. R1a6 Qc8 29. Rxb6 Rf7 30. Ba6 Bd8 31. Rxd6 Nxd6 32. Bxc8 Rxa7 33. Be6+ Kh8
34. Qxe5 Ra1+ 35. Be1 Be7 36. c5 Rxb4 37. cxd6 Bf6 38. d7 1-0

[Event "Bad Woerishofen Sen"]
[Site "Bad Woerishofen"]
[Date "2001.??.??"]
[Round "4"]
[White "Hartmann, Rudi"]
[Black "Bierwisch, Bernhard"]
[Result "1/2-1/2"]
[WhiteElo "1740"]
[BlackElo "2161"]
[Annotator "ChessOrg"]
[PlyCount "70"]
[EventDate "1998.03.05"]
[Source "ChessBase"]
[SourceDate "1998.04.29"]

1. e4 c5 2. Nf3 Nc6 3. d4 cxd4 4. Nxd4 Nf6 5. Nc3 d6 6. Be2 e5 7. Nb3 Be6 8.
Be3 Be7 9. f3 d5 10. exd5 Nxd5 11. Nxd5 Qxd5 12. Qxd5 Bxd5 13. Rd1 O-O-O 14. c3
Be6 15. O-O f5 16. Rxd8+ Rxd8 17. Rd1 Rxd1+ 18. Bxd1 g6 19. Bc2 b6 20. Kf1 Kc7
21. Ke2 Bd5 22. Ke1 Bd6 23. Ke2 a5 24. Bb1 h5 25. Ke1 h4 26. h3 Be7 27. Nd2 Be6
28. Kf1 b5 29. Ke2 b4 30. Nb3 g5 31. Nd2 bxc3 32. bxc3 g4 33. hxg4 fxg4 34.
fxg4 Bxg4+ 35. Kf2 Be6 1/2-1/2

[Event "Bad Woerishofen Sen"]
[Site "Bad Woerishofen"]
[Date "2001.??.??"]
[Round "6"]
[White "Hartmann, Rudi"]
[Black "Weibrecht, Carl"]
[Result "1/2-1/2"]
[WhiteElo "1740"]
[BlackElo "1600"]
[Annotator "ChessOrg"]
[PlyCount "52"]
[EventDate "1998.03.05"]
[Source "ChessBase"]
[SourceDate "1998.04.29"]

1. d4 Nf6 2. c4 g6 3. Nc3 d6 4. e4 Nbd7 5. Nf3 Bg7 6. Bd3 O-O 7. O-O e5 8. d5
a6 9. Bg5 h6 10. Bd2 Nc5 11. Bc2 Rb8 12. Qe2 Bd7 13. b4 Ncxe4 14. Nxe4 Nxe4 15.
Bxe4 f5 16. Bc2 e4 17. Rac1 exf3 18. Qxf3 Qf6 19. Bb3 Kh7 20. Bc3 Qf7 21. Bxg7
Qxg7 22. Qc3 Rf6 23. Rfe1 Rbf8 24. Re2 R8f7 25. Rce1 Qf8 26. Qd4 b6 1/2-1/2

[Event "Bad Woerishofen Sen"]
[Site "Bad Woerishofen"]
[Date "2001.??.??"]
[Round "8"]
[White "Hartmann, Rudi"]
[Black "Ohmstede, Rudolf"]
[Result "1-0"]
[WhiteElo "1740"]
[BlackElo "1648"]
[Annotator "ChessOrg"]
[PlyCount "105"]
[EventDate "1998.03.05"]
[Source "ChessBase"]
[SourceDate "1998.04.29"]

1. d4 Nf6 2. c4 c6 3. Nc3 d5 4. e3 g6 5. Nf3 Bg7 6. Be2 O-O 7. O-O Re8 8. b3
Nbd7 9. Bb2 b6 10. cxd5 cxd5 11. Rc1 Bb7 12. Qd2 a6 13. Rc2 Rc8 14. Rfc1 Ne4
15. Qd1 e5 16. Nxe4 dxe4 17. Rxc8 Bxc8 18. Nxe5 Nxe5 19. dxe5 Qxd1+ 20. Rxd1 b5
21. Rc1 h5 22. Kf1 Bf5 23. Rc5 Rb8 24. Rc6 a5 25. Rc5 b4 26. Rxa5 Rc8 27. Bd1
Rd8 28. Ke1 h4 29. h3 Re8 30. Kd2 Bf8 31. Bd4 Rd8 32. Be2 Be7 33. Bc4 Kf8 34.
Kc2 Rc8 35. Kb2 Rd8 36. Ra6 g5 37. Rc6 Bg6 38. Ba6 Bf5 39. Bc4 Bg6 40. Rc7 Bf5
41. Bc5 Rd7 42. Rxd7 Bxd7 43. Bxe7+ Kxe7 44. a3 bxa3+ 45. Kxa3 f6 46. exf6+
Kxf6 47. Kb4 Ke5 48. Kc5 Bc8 49. b4 Bb7 50. b5 Ba8 51. Bf7 Bb7 52. Be8 Bc8 53.
Bc6 1-0

[Event "Bad Woerishofen Sen"]
[Site "Bad Woerishofen"]
[Date "2001.??.??"]
[Round "1"]
[White "Hausner, Alfreda"]
[Black "Bareth, Walter"]
[Result "1/2-1/2"]
[WhiteElo "1670"]
[BlackElo "1876"]
[Annotator "ChessOrg"]
[PlyCount "59"]
[EventDate "1998.03.05"]
[Source "ChessBase"]
[SourceDate "1998.04.29"]

1. d4 d5 2. Nf3 Bf5 3. Bf4 e6 4. e3 Bd6 5. Bxd6 Qxd6 6. c3 Nd7 7. Bd3 Bg6 8.
Qc2 Ngf6 9. Nbd2 O-O 10. O-O c5 11. Bxg6 hxg6 12. Rfe1 Rfc8 13. Rac1 b5 14. Qb1
Rab8 15. e4 dxe4 16. Nxe4 Qf4 17. Rcd1 c4 18. h3 Rc6 19. Nxf6+ Nxf6 20. Ne5 Rc7
21. a3 a5 22. Qc1 Qxc1 23. Rxc1 Nd5 24. Ng4 Rbc8 25. Ne3 Nf4 26. Rc2 Kf8 27. h4
Rd7 28. Ng4 Nd3 29. Re3 Rd5 30. Ne5 1/2-1/2